Normal view
MARC view
- حوادث السير -- قانون
Entry Topical Term
001 - CONTROL NUMBER
- control field: 46711
003 - CONTROL NUMBER IDENTIFIER
- control field: JO-AjAnu
005 - DATE AND TIME OF LATEST TRANSACTION
- control field: 20230606081722.0
008 - FIXED-LENGTH DATA ELEMENTS
- fixed length control field: 230606|| aca||aabn | a|a d
040 ## - CATALOGING SOURCE
- Original cataloging agency: JO-AjAnu
- Transcribing agency: JO-AjAnu
150 ## - HEADING--TOPICAL TERM
- Topical term or geographic name entry element: حوادث السير -- قانون
670 ## - SOURCE DATA FOUND
- Source citation: Work cat.: (JO-AjAnu)23909: إعداد عصام تركي أمين طرادات؛ إشراف محمد يوسف الزعبي, author 46710, الأساس القانوني لرجوع المؤمن على الغير المتسبب بالضرر في التأمين من المسؤولية المدنية الناجمة عن حوادث المركبات